Statistics for 50 Most Expensive Bundesliga Transfers

Click here to take the quiz!

General Stats

  • This quiz has been taken 155 times
  • The average score is 28 of 50

Answer Stats

PriceFromToPlayer% Correct
£72MAtletico MadridBayern MunichLucas Hernandez
95%
£40.5MManchester CityBayern MunichLeroy Sane
94%
£33.3MBorussia DortmundBayern MunichMario Gotze
90%
£19.8MBayern MunichBorussia DortmundMario Gotze
90%
£31.5MBorussia DortmundBayern MunichMats Hummels
90%
£27.4MBayern MunichBorussia DortmundMats Hummels
90%
£37.3MOlympique LyonBayern MunichCorentin Tolisso
88%
£36MAthletic BilbaoBayern MunichJavi Martinez
81%
£38.7MFC Schalke 04VFL WolfsburgJulian Draxler
77%
£27MFC Schalke 04Bayern MunichManuel Neuer
77%
£27MShakhtar DonetskBayern MunichDouglas Costa
76%
£31.5MVFB StuttgartBayern MunichBenjamin Pavard
71%
£27MVFB StuttgartBayern MunichMario Gomez
67%
£28.8MChelseaVFL WolfsburgAndre Schurrle
65%
£27MVFL WolfsburgBorussia DortmundAndre Schurrle
65%
£35.3MJuventusBayern MunichArturo Vidal
65%
£20.7MBirmingham CityBorussia DortmundJude Bellingham
65%
£19.8MChelseaVFL WolfsburgKevin De Bruyne
65%
£31.5MSL BenficaBayern MunichRenato Sanches
65%
£27MOlympique MarseilleBayern MunichFranck Ribery
63%
£22.9MTSG HoffenheimBorussia DortmundNico Schulz
55%
£22.5MBayer LeverkusenBorussia DortmundJulian Brandt
54%
£22.5MReal MadridBayern MunichArjen Robben
53%
£28.8MTSG HoffenheimBayer LeverkusenKerem Demirbay
53%
£22.5MDynamo KyivBorussia DortmundAndriy Yarmolenko
52%
£18MTianjin QuanjianBorussia DortmundAxel Witsel
52%
£23.8MFC BaselFC Schalke 04Breel Embolo
52%
£25.2MAS RomaBayern MunichMedhi Benatia
52%
£18.9MJuventusBayern MunichKingsley Coman
50%
£22.5MFC BarcelonaBayern MunichThiago Alcantara
50%
£18MTSG HoffenheimBayern MunichNiklas Sule
48%
£20.7MOGC NiceBorussia MonchengladbachAlassane Plea
47%
£21.6MAC MilanHertha BSCKrzysztof Piatek
47%
£23.8MAS RomaBayer LeverkusenPatrik Schick
45%
£22.9MBorussia MonchengladbachBorussia DortmundThorgan Hazard
45%
£19.3MFC BaselBorussia DortmundManuel Akanji
43%
£22.5MJuventusBorussia DortmundEmre Can
42%
£22.5MOlympique LyonHertha BSCLucas Tousart
41%
£18.9MDinamo ZagrebRB LeipzigDani Olmo
40%
£21.6MRiver PlateBayer LeverkusenLucas Alario
37%
£20.1MSL BenficaEintracht FrankfurtLuka Jovic
37%
£25.2MFSV MainzBorussia DortmundAbdou Diallo
36%
£24.7MShakhtar DonetskBorussia DortmundHenrikh Mkhitaryan
34%
£26.7MRB SalzburgRB LeipzigNaby Keita
32%
£18MRB SalzburgRB LeipzigDominik Szoboszlai
30%
£22.9MParmaBorussia DortmundMarcio Amoroso
27%
£18.9MFC BarcelonaBorussia DortmundPaco Alcacer
27%
£18MRB SalzburgBorussia DortmundErling Haland
24%
£18MSC FreiburgBorussia DortmundMaximilian Philipp
18%
£18.9MDynamo KyivBayer LeverkusenAleksandar Dragovic
10%

Score Distribution

Percentile by Number Answered

Percent of People with Each Score

Your Score History

You have not taken this quiz